Music Quiz

Random Music or Album Quiz
Score 0/10 Timer 04:00
0 Plays Today
% Correct
The White Stripes - Elephant
93.2%
Radiohead - Amnesiac
68.2%
Queens of the Stone Age - Songs for the Deaf
65.9%
Interpol - Turn on the Bright Lights
60.2%
The Strokes - Room on Fire
58%
My Bloody Valentine - Loveless
56.8%
The Libertines - Up the Bracket
37.5%
Franz Ferdinand - You Could Have it So Much Better
31.8%
Courtney Barnett - Tell Me How You Really Feel
17%
Tegan and Sara - So Jealous
10.2%
Remove Ads.
Support Sporcle.
Get the best of Sporcle when you Go Orange. This ad-free experience offers more features, more stats, and more fun while also helping to support Sporcle. Thank you for becoming a member.

You're not logged in!

Compare scores with friends on all Sporcle quizzes.
OR
Log In

Show Comments

Extras

Top Quizzes Today


Score Distribution

Your Account Isn't Verified!

In order to create a playlist on Sporcle, you need to verify the email address you used during registration. Go to your Sporcle Settings to finish the process.

Report this User

Report this user for behavior that violates our Community Guidelines.

Details: